Zmeny v spotrebiteľskom správaní vplyvom moderných technológií diplomová práca

Enregistré dans:
Détails bibliographiques
Auteur principal: Zentková, Lucia
Collectivité auteur: Obchodná fakulta EU. Katedra marketingu
Autres auteurs: Folvarčíková, Lucia, 1982-
Format: Livre
Langue:slovaque
Publié: Bratislava 2020
Tags: Ajouter un tag
Pas de tags, Soyez le premier à ajouter un tag!

MARC

LEADER 00000nbm a2200000 4500
001 0266380
005 20201006140044.2
041 0 |a slo 
044 |a SK 
245 1 0 |a Zmeny v spotrebiteľskom správaní vplyvom moderných technológií  |b diplomová práca  |c Lucia Zentková ; školiteľ: Lucia Folvarčíková 
264 1 |a Bratislava  |c 2020 
300 |a 70 s. 
100 1 |a Zentková, Lucia 
700 1 |a Folvarčíková, Lucia, 1982- 
710 2 |a Obchodná fakulta EU. Katedra marketingu